Emergency preparedness for prevention of transboundary infectious diseases in Indian livestock and poultry: (Record no. 290655)
[ view plain ]
| 000 -LEADER | |
|---|---|
| fixed length control field | 00436nam a22001337a 4500 |
| 003 - CONTROL NUMBER IDENTIFIER | |
| control field | OSt |
| 082 ## - DEWEY DECIMAL CLASSIFICATION NUMBER | |
| Classification number | NAAS/PP 109 |
| 245 ## - TITLE STATEMENT | |
| Title | Emergency preparedness for prevention of transboundary infectious diseases in Indian livestock and poultry: |
| Remainder of title | policy paper 109 |
| 260 ## - PUBLICATION, DISTRIBUTION, ETC. (IMPRINT) | |
| Place of publication, distribution, etc | New Delhi |
| Name of publisher, distributor, etc | National Academy of Agricultural sciences |
| Date of publication, distribution, etc | 2022 |
| 300 ## - PHYSICAL DESCRIPTION | |
| Extent | 15p. |
| 546 ## - LANGUAGE | |
| Language note | English |
| 650 ## - SUBJECT ADDED ENTRY--TOPICAL TERM | |
| Topical term or geographic name as entry element | Transboundary Animal diseases |
| 942 ## - ADDED ENTRY ELEMENTS (KOHA) | |
| Source of classification or shelving scheme | Dewey Decimal Classification |
| Koha item type | Report |
| Lost status | Source of classification or shelving scheme | Damaged status | Not for loan | Collection code | Home library | Current library | Shelving location | Date acquired | Total Checkouts | Full call number | Barcode | Date last seen | Koha item type |
|---|---|---|---|---|---|---|---|---|---|---|---|---|---|
| Dewey Decimal Classification | Not For Loan | Reports | KAU Central Library, Thrissur | KAU Central Library, Thrissur | Reports | 27/09/2023 | NAAS/PP 109 | 812245 | 27/09/2023 | Report |
